000 00489nam a2200181Ia 4500
008 151202s9999||||xx |||||||||||||| ||und||
082 _bPNVM-54479
100 _aकाळे वैजयंती.
245 _aसापशिडी.
260 _b---
260 _c0
300 _a0
600 _aकाळे वैजयंती.
630 _aसापशिडी.
700 _aकाळे वैजयंती.
730 _aसापशिडी.
942 _cBOOK
999 _c1321018
_d1321015